[Event "Copenhagen Chess Challenge 2019"]
[Site "Ballerup"]
[Date "2019.05.18"]
[Round "6.7"]
[White "French, Max"]
[Black "Antonsen, Mikkel"]
[Result "0-1"]
[WhiteElo "2178"]
[BlackElo "2423"]
[Annotator "TA"]
[PlyCount "94"]
[EventDate "2019.05.16"]
[EventCountry "DEN"]
[SourceTitle "playchess.com"]
[Source "ChessBase"]
[SourceQuality "1"]

{[%evp 19,94,18,18,9,12,3,0,0,5,1,19,11,10,0,0,0,0,-14,0,-25,16,-79,20,17,18,-20,-3,-76,-75,-94,-83,-204,-209,-294,-306,-288,-277,-288,0,0,0,-73,-68,-79,-70,-87,69,80,89,-48,-43,-70,-97,-135,-118,-512,-343,-462,-491,-554,-551,-527,-521,-554,-545,-765,-737,-1109,-1014,-29985,-29984,-29986,-2543,-29990,-2097,-29997,-29994]} 1. d4 Nf6 2. c4 g6 3. Nc3 d5 4. cxd5 Nxd5 5. e4 Nxc3 6. bxc3 Bg7 7. Bc4 c5 8. Ne2 O-O 9. O-O Nc6 10. Be3 e6 11. Qd2 {D87: Exchange Grünfeld: Classical Line: Variations without ...cxd4} b6 12. Rfd1 cxd4 13. cxd4 {The position is equal.} Bb7 14. f3 Rc8 15. Rac1 Qd6 16. Bh6 Bxh6 17. Qxh6 Na5 18. Bd3 Rxc1 {[#]} 19. Rxc1 $146 (19. Qxc1 {seems wilder.} Rc8 20. Qb2 Nc4 21. Qb3 Na5 22. Qb2) ({Predecessor:} 19. Qxc1) 19... Rc8 20. h4 (20. Rxc8+ $11 {remains equal.} Bxc8 21. Qc1) 20... Rxc1+ (20... Nc6 $1 $17) 21. Qxc1 $11 Nc6 22. e5 Qd8 23. Qf4 (23. Qg5 $11) 23... Nb4 $17 24. Bb1 Nd5 25. Qh6 {[#]} (25. Qg5 $17 Qxg5 26. hxg5) 25... Ba6 $1 $19 {[%cal Ra6e2]} 26. Nf4 (26. Ng3 $142 Nc3 {[%mdl 64] Discovered Attack} 27. Kh2) 26... Nc3 $1 {[%csl LRb1,LRd4][%mdl 64] Discovered Attack} 27. d5 Nxb1 28. d6 Bb5 $2 (28... Nc3 $19 {aiming for ...Bb5.} 29. Nh3 Qf8) 29. Nh3 $11 {Ng5 is the strong threat.} f6 {Hoping for ...Nc3.} 30. Qc1 (30. h5 $1 $11 Be8 31. Nf4 fxe5 32. hxg6 hxg6 33. Nxg6 Qxd6 34. Qh8+ {[%mdl 64] Double Attack} Kf7 35. Nxe5+ Ke7 36. Qh4+ Kf8 37. Qh8+ Ke7 38. Qh4+ Kf8 39. Qh8+ Ke7) 30... fxe5 $17 {Strongly threatening ...Bd3.} ({Stronger than} 30... Bd3 31. Nf2 $16) 31. Qxb1 Bc6 $36 {[%mdl 2048] Black has some pressure.} 32. h5 Kg7 $2 ({Black should try} 32... Qxd6 $17 33. hxg6 h6) 33. h6+ $1 $14 Kg8 34. Qc1 (34. Qd3 $16) 34... Qxd6 $15 35. Qg5 Kf7 36. Nf2 Qd4 37. Kh2 $2 {[%mdl 8192]} (37. Qc1 $17 {is a better chance.} Qc5 38. Qb2) 37... Qf4+ 38. Qxf4+ exf4 $19 {[%mdl 4096] Endgame KB-KN} 39. Nd3 {And now Ne5+ would win.} Bd5 40. a3 g5 41. Kh3 Kf6 42. Kg4 a5 43. Nf2 b5 44. Kh5 b4 45. axb4 axb4 (45... e5 $142 46. Ne4+ Bxe4 47. fxe4 axb4 48. Kg4 b3 49. Kf3 b2 50. Ke2 b1=Q 51. Kd2 Qb2+ 52. Kd3 Qc1 53. Ke2 Qc2+ 54. Kf3 {[#]} g4+ $1 {[%mdl 576] Deflection, Decoy} 55. Kxg4 Qxg2+ 56. Kh4 Qg5+ {[%mdl 64] Double Attack} 57. Kh3 Qg3#) 46. Nd3 b3 (46... e5 $142 47. Kg4 Be6+ 48. Kh5 Kf5 49. g4+ fxg3 50. Nxe5 g2 51. f4 g1=Q 52. fxg5 Qxg5#) 47. g4 fxg3 {Accuracy: White = 22%, Black = 57%.} 0-1

[Event "Copenhagen Chess Challenge 2019"]
[Site "Ballerup"]
[Date "2019.05.18"]
[Round "6.7"]
[White "Hvalsoe, Rune"]
[Black "Kreken, Eivind Grunt"]
[Result "1-0"]
[WhiteElo "2004"]
[BlackElo "1634"]
[Annotator "NA RC"]
[PlyCount "99"]
[EventDate "2019.05.16"]
[EventCountry "DEN"]
[SourceTitle "playchess.com"]
[Source "ChessBase"]
[SourceQuality "1"]

1. e4 e5 2. Bc4 Nf6 3. d4 exd4 4. Nf3 Nc6 5. O-O Nxe4 6. Re1 d5 7. Bxd5 Qxd5 8. Nc3 Qa5 9. Nxd4 Nxd4 10. Qxd4 Be6 {C56: Two Knights: 4 d4 exd4 5 0-0 Nxe4} 11. Qxe4 O-O-O 12. Bf4 Bd6 13. a4 {[#]} Qf5 $146 ({Predecessor:} 13... c6 14. Bxd6 Rxd6 15. b4 Qg5 16. b5 Rhd8 17. bxc6 Rxc6 18. Rab1 {1-0 (42) Trajkoski,S (2260)-Mikhalchishin,A (2530) Prilep 1992}) 14. Bxd6 Qxe4 15. Nxe4 cxd6 16. Rad1 Kc7 17. Re3 d5 18. Rc3+ ({White should play} 18. Ng3 $16) 18... Kb8 19. Rcd3 Bf5 {Pin} 20. f3 Rc8 21. Rxd5 Bxe4 $1 22. fxe4 Rxc2 23. Rd7 Rc7 24. Kf2 Kc8 25. R7d4 Rc2+ 26. Kf3 Re8 27. b4 Rc3+ 28. Kf4 Rc2 29. R1d2 Rxd2 30. Rxd2 Re6 31. Rd5 Kc7 32. g4 Rd6 33. Rf5 f6 34. g5 Kd8 (34... fxg5+ $11 35. Kxg5 (35. Rxg5 g6 $11) 35... Rg6+ 36. Kf4 Kd6) 35. gxf6 Rxf6 $18 (35... gxf6 36. b5 a6) 36. Rxf6 gxf6 37. Kf5 Ke7 38. e5 fxe5 39. Kxe5 b5 40. axb5 Kd7 41. Kf6 Kc7 42. h4 Kb6 43. h5 Kxb5 44. h6 Kxb4 45. Kg7 a5 46. Kxh7 a4 47. Kg6 a3 48. h7 Kb3 49. h8=Q Ka2 50. Qc3 1-0

[Event "Copenhagen Chess Challenge 2019"]
[Site "Ballerup"]
[Date "2019.05.18"]
[Round "6.8"]
[White "Thorsbro, Peter"]
[Black "Haubro, Martin"]
[Result "1-0"]
[WhiteElo "2116"]
[BlackElo "2380"]
[Annotator "NA RC"]
[PlyCount "45"]
[EventDate "2019.05.16"]
[EventCountry "DEN"]
[SourceTitle "playchess.com"]
[Source "ChessBase"]
[SourceQuality "1"]

{[%evp 25,45,0,14,0,0,0,0,32767,0,-364,32767,32767,198,213,400,382,433,472,730,32767,32767,1994]} 1. d4 d5 2. c4 e6 3. Nc3 c6 4. Nf3 dxc4 5. a4 Bb4 6. e3 b5 7. Bd2 a5 8. Ne5 Bb7 {D31: Queen's Gambit Declined: Semi-Slav without ...Nf6 (+ Marshall Gambit and Noteboom) and Exchange Variation lines without ...Nf6} (8... Nf6 9. Qf3 Ra7 10. axb5 Bxc3 11. Bxc3 cxb5 12. Qg3 O-O 13. Nxc4 Ba6 14. Bxa5 Qe7 15. Nd2 Bb7 16. Bxb5 Rxa5 17. Rxa5 {½-½ (35) Sochor,F (2475)-Berlinger,G (2496) ICCF email 2013}) 9. Qg4 Kf8 10. axb5 Bxc3 11. Bxc3 cxb5 12. d5 $146 ({Predecessor:} 12. Be2 Nf6 13. Qh3 Nbd7 14. Rd1 Qc7 15. Qg3 Nxe5 16. dxe5 {1-0 (33) Guinovart,J (1922)-Beaurain,J (2076) Avoine 2007}) 12... Nf6 13. Nxf7 $1 Kxf7 14. dxe6+ Kg8 15. Rd1 Qe7 ({Weaker is} 15... Nxg4 16. Rxd8#) 16. Qg5 h6 $1 17. Bxf6 $4 (17. Qxb5 $11 Ba6 18. Qb6) 17... Qxf6 18. Qxb5 Be4 $2 {[#]} (18... Ba6 $11 {and Black is okay.} 19. Qd5 Qxb2) 19. Rd4 $1 ({Weaker is} 19. e7 Qxe7 20. Qxc4+ Kh7 $17) 19... Bc6 $2 (19... Bd3) 20. Qxc4 Qe7 {[#]} 21. Rd8+ $1 Qxd8 $18 (21... Kh7 $142 22. Bd3+ g6 23. Bxg6+ Kxg6 24. Rxh8 Qb4+ 25. Qxb4 axb4) 22. e7+ Qd5 23. e8=Q+ (23. Qxd5+ $142 Bxd5 24. e8=Q+ Kh7 25. Bd3+ Be4 26. Bxe4+ g6 27. Qxg6#) 1-0

[Event "Copenhagen Chess Challenge 2019"]
[Site "Ballerup"]
[Date "2019.05.18"]
[Round "6.8"]
[White "Jonsson, Jacob"]
[Black "Nesse, David"]
[Result "1/2-1/2"]
[WhiteElo "1970"]
[BlackElo "1764"]
[Annotator "NA RC"]
[PlyCount "99"]
[EventDate "2019.05.16"]
[EventCountry "DEN"]
[SourceTitle "playchess.com"]
[Source "ChessBase"]
[SourceQuality "1"]

1. d4 Nf6 2. c4 c5 3. d5 b5 4. Qc2 bxc4 5. e4 e6 (5... d6 6. Bxc4 g6 7. Nc3 Bg7 8. Nf3 Nbd7 9. h3 O-O 10. O-O Rb8 11. Re1 Nh5 12. Be2 Ne5 13. Nxe5 Bxe5 14. Bxh5 gxh5 15. Bh6 Re8 16. Qd2 Kh8 17. Bf4 Bd4 18. Be3 {0-1 (63) Dreev,A (2644)-Perunovic,M (2622) Berlin 2015}) 6. dxe6 {A57: Benko/Volga Gambit} fxe6 7. Bxc4 d5 8. exd5 exd5 9. Bb5+ $146 ({Predecessor:} 9. Be2 Nc6 10. Nf3 Be7 11. O-O O-O 12. a3 Bg4 13. Be3 {0-1 (35) Torres,E (1945)-Andrade,R (2101) Joao Pessoa 2017}) 9... Nbd7 10. Be2 Bd6 11. Nf3 O-O 12. O-O Ng4 13. h3 Nde5 14. hxg4 $2 (14. Qd1 $15 Nf6 15. Nc3) 14... Nxf3+ 15. Bxf3 Rxf3 16. Qd1 Rf7 17. g5 Bb7 18. Nc3 a6 19. Ne2 Be7 20. Nf4 d4 21. g6 hxg6 22. Nxg6 Bg5 (22... Be4 $15 23. Qh5 Bxg6 24. Qxg6 Qd5) 23. Qh5 Rf5 24. f4 Qd5 25. Qh8+ {[#]} (25. Qg4 $11 {remains equal.} Qe6 26. Bd2) 25... Kf7 $1 26. Ne5+ {[#]} Ke6 $1 27. Qh3 Rh8 28. Qg3 Bf6 29. Re1 Kd6 30. Nf3 $2 (30. Ng6 $17 Rh6 31. Re5 Qxg2+ 32. Qxg2 Bxg2 33. Rxf5 Rxg6 34. Rg5 Bxg5 35. fxg5) 30... d3 {[#]} 31. Bd2 (31. Re5 $1 $17 {[%mdl 512]} Bxe5 (31... Rxe5 32. fxe5+) 32. fxe5+ Kc7 33. Qxg7+ {[%mdl 64] Double Attack} Qf7 34. Qxh8 Bxf3 35. Bd2 (35. gxf3 $2 Rxf3 36. Qh4 Rf1+ 37. Kh2 Qg7 $19)) 31... Kc6 32. Ne5+ (32. Rac1 $17) 32... Bxe5 33. Rxe5 Rxe5 34. fxe5 Kb6 35. Be3 Re8 36. b4 Qxe5 37. Bxc5+ Kc6 38. Qf3+ {[#]} Qd5 $11 (38... Kc7 $1 $19 {[%mdl 512]} 39. Qf7+ Kc8) 39. Rd1 Qxf3 40. gxf3 Rd8 41. Kf2 Kb5 42. Ke3 Kc4 43. Rc1+ Kb5 44. Rd1 Re8+ 45. Kxd3 Bxf3 46. Rg1 Rg8 47. Rg6 a5 48. Rb6+ Ka4 49. Ra6 Ra8 50. Rxa5+ 1/2-1/2

[Event "Copenhagen Chess Challenge 2019"]
[Site "Ballerup"]
[Date "2019.05.18"]
[Round "6.9"]
[White "Vasli, Aref"]
[Black "Moe, Mogens"]
[Result "1-0"]
[WhiteElo "2346"]
[BlackElo "2136"]
[Annotator "NA RC"]
[PlyCount "71"]
[EventDate "2019.05.16"]
[EventCountry "DEN"]
[SourceTitle "playchess.com"]
[Source "ChessBase"]
[SourceQuality "1"]

{[%evp 29,70,22,66,31,44,44,32,29,16,0,2,16,32767,0,0,0,101,134,202,229,245,32767,358,260,438,415,32767,573,726,32767,1036,1187,32767,1340,1689,2469,2293,3204,2781,32767,32767,32767,29989]} 1. e4 c5 2. Nf3 e6 3. d4 cxd4 4. Nxd4 Nc6 5. Nc3 Qc7 6. g3 a6 7. Bg2 Nf6 8. O-O h5 {B47: Sicilian: Taimanov: 5 Nc3 Qc7 6 f4, 6 g3 and 6 Be2} (8... Be7 9. Re1 O-O 10. Nxc6 dxc6 11. e5 Rd8 12. Qf3 Nd5 13. h4 Bd7 14. Bg5 Bxg5 15. hxg5 Nxc3 16. Qxc3 Be8 17. Rad1 a5 18. a3 Rab8 19. Qc5 b6 20. Qe3 c5 {1-0 (60) Wang,H (2726)-Andreikin,D (2721) China 2019}) 9. h3 d6 10. Re1 Bd7 11. a4 $146 ({Predecessor:} 11. Nxc6 bxc6 12. e5 dxe5 13. Qe2 Bd6 14. Bg5 Rb8 15. Qxa6 Nd5 16. Ne4 {½-½ (40) Pourramezanali,A (2535)-Volodin,A (2457) St Petersburg 2018}) 11... Rc8 12. Nxc6 Bxc6 13. Nd5 Bxd5 14. exd5 e5 15. c3 Be7 16. Be3 O-O 17. a5 g6 18. Bf1 Nh7 19. Qd2 f5 20. c4 h4 21. b4 hxg3 22. fxg3 g5 (22... Qd7 $11) 23. Rac1 Qd7 {[#]} (23... Bf6 $16) 24. c5 $1 f4 25. c6 Qe8 26. Bf2 bxc6 (26... fxg3 {is a better defense.} 27. Bxg3 Rc7 28. cxb7 Rxb7 29. Bxa6 Rb8) 27. dxc6 fxg3 28. Bxg3 Qh5 29. Qd1 Rf3 $18 (29... Rxf1+ $142 30. Rxf1 Qxd1 31. Rfxd1 g4 32. hxg4 Nf6) 30. Bg2 Rcf8 31. Bxf3 Rxf3 32. Kg2 g4 33. hxg4 Rxg3+ 34. Kxg3 Qh4+ 35. Kg2 Ng5 36. Rh1 1-0

[Event "Copenhagen Chess Challenge 2019"]
[Site "Ballerup"]
[Date "2019.05.18"]
[Round "6.9"]
[White "Vedant Kumar Saravana"]
[Black "Bendixen, Daniel"]
[Result "1/2-1/2"]
[WhiteElo "1845"]
[BlackElo "1957"]
[Annotator "NA RC"]
[PlyCount "74"]
[EventDate "2019.05.16"]
[EventCountry "DEN"]
[SourceTitle "playchess.com"]
[Source "ChessBase"]
[SourceQuality "1"]

1. e4 c6 2. d4 d5 3. Nc3 dxe4 4. Nxe4 Nd7 5. Nf3 Ngf6 6. Bd3 Nxe4 7. Bxe4 Nf6 8. Bd3 Bg4 9. c3 e6 10. O-O Be7 11. Bf4 O-O {B17: Caro-Kann: Modern Line (4...Nd7)} 12. h3 Bh5 13. Be2 Nd5 14. Bd2 $146 ({Predecessor:} 14. Bg3 Bxf3 15. Bxf3 Bd6 16. Bxd6 Qxd6 17. Qb3 Qc7 {½-½ (17) Rubes,J (2319)-Vlasak,L (2399) Czech Republic 2018}) 14... Bd6 15. Ne5 Bxe2 16. Qxe2 Ne7 17. Bf4 Ng6 18. Nxg6 hxg6 19. Bxd6 Qxd6 20. Qe5 Qxe5 21. dxe5 Rfd8 22. Rfd1 Rd5 23. Rxd5 cxd5 24. Rd1 Rc8 25. Rd4 Kf8 26. Kf1 Ke7 27. Ke2 f6 28. f4 f5 $16 (28... b6 $11) 29. h4 Rc5 30. Kd3 b5 31. a3 Kd7 32. Kc2 a5 33. Kd3 Kc6 34. b4 axb4 35. axb4 Rc4 36. Rxc4+ dxc4+ 37. Kd4 Kb6 {Kd3 Kc6+ Kd4} 1/2-1/2

[Event "Copenhagen Chess Challenge 2019"]
[Site "Ballerup"]
[Date "2019.05.18"]
[Round "6.10"]
[White "Jacobsen, Mikkel Manosri"]
[Black "Jaksland, Tim"]
[Result "0-1"]
[WhiteElo "2319"]
[BlackElo "2213"]
[Annotator "NA RC"]
[PlyCount "82"]
[EventDate "2019.05.16"]
[EventCountry "DEN"]
[SourceTitle "playchess.com"]
[Source "ChessBase"]
[SourceQuality "1"]

{[%evp 24,82,0,0,0,0,0,0,0,0,32767,-160,-165,32767,-165,-193,-183,-321,-329,-323,-330,-396,-392,-393,-374,-380,-396,-446,-390,-384,32767,32767,-229,-256,-261,-239,-256,-270,-252,-274,-248,-249,32767,-309,-347,-388,-431,-369,-431,32767,32767,32767,-281,-632,32767,-4133,32767,-29993,32767,-29993,-29994]} 1. Nf3 Nf6 2. b3 ({Predecessor:} 2. e3 c5 3. b3 d5 4. Bb2 g6 5. Bb5+ Bd7 6. Be2 Bg7 7. O-O O-O 8. Ne5 Nc6 9. d4 cxd4 10. exd4 Bf5 {½-½ (84) Kuzmin,E (2157)-Bykov,B St Petersburg 2013}) 2... g6 3. Bb2 Bg7 4. d4 O-O 5. Nbd2 c5 6. e3 {A48: 1 d4 Nf6 2 Nf3 g6: Torre, London and Colle Systems} cxd4 7. exd4 Nc6 8. Be2 d5 9. O-O Bf5 10. Ne5 $146 (10. a3 Ne4 11. c4 dxc4 12. Nxc4 Nf6 13. Qd2 Be4 14. Rfd1 Bd5 15. b4 a6 16. Rac1 e6 17. Nfe5 Rc8 18. a4 Ne4 19. Qe1 Nd6 20. Bf1 {½-½ (20) Toufighi,H (2449)-Daghli,A (2362) Hamedan 2018}) 10... Rc8 11. Nxc6 Rxc6 12. c4 dxc4 13. bxc4 Ne4 14. Nb3 Rc8 15. Re1 b6 16. Rc1 Bh6 17. Bd3 $2 (17. Bf3 $14 Bxc1 18. Qxc1) 17... Bxc1 18. Qxc1 Nd6 19. Bxf5 Nxf5 20. d5 {[#]} (20. Qc3 $142) 20... b5 $1 21. c5 Qxd5 22. Re5 Qc4 23. Qe1 f6 24. Re4 Qd3 25. h4 Rcd8 26. Kh2 Rfe8 27. Bxf6 Qd1 28. Qxd1 Rxd1 29. g4 Kf7 30. Bg5 h6 31. gxf5 hxg5 32. fxg6+ Kxg6 33. hxg5 Kxg5 34. Rb4 a6 35. Kg2 e5 36. a4 (36. Re4 $142) 36... bxa4 37. Rxa4 Rb8 38. Na1 $19 (38. Na5) 38... Rc1 39. Rxa6 Rbb1 40. c6 Rxa1 41. c7 Rxa6 0-1

[Event "Copenhagen Chess Challenge 2019"]
[Site "Ballerup"]
[Date "2019.05.18"]
[Round "6.10"]
[White "Werner, Jakob"]
[Black "Steenstrup, Svend"]
[Result "1-0"]
[WhiteElo "1686"]
[BlackElo "1936"]
[Annotator "NA RC"]
[PlyCount "88"]
[EventDate "2019.05.16"]
[EventCountry "DEN"]
[SourceTitle "playchess.com"]
[Source "ChessBase"]
[SourceQuality "1"]

{[%evp 21,85,-134,-45,-44,-30,-16,-8,-28,-45,-35,-1,32767,32767,-31,-11,32767,32767,32767,-21,-36,32767,-85,32767,32767,32767,32767,-77,-95,-79,32767,-98,32767,32767,32767,32767,32767,-288,-461,-484,-414,-418,-407,-304,-297,-126,-171,-137,-411,-483,-418,-300,-281,-350,-438,32767,-463,32767,32767,32767,32767,32767,32767,-29978,32767,32767,-1318]} 1. d4 Nf6 2. Nf3 d6 3. Nc3 g6 4. e4 Bg7 5. Bc4 c5 6. dxc5 {B08: Pirc Defence: Classical System} Qa5 7. O-O Qxc5 8. Bb3 O-O 9. Be3 Qh5 10. Bf4 $146 ({Predecessor:} 10. h3 Bxh3 11. gxh3 Qxh3 12. Nh2 Nxe4 13. Nxe4 Be5 {0-1 (27) Rogliano,L (1640)-Geronimi,D (1802) Bastia 2007}) 10... Nc6 11. e5 (11. h3 $11) 11... Nxe5 (11... dxe5 $17 12. Be3 Bg4) 12. Nxe5 dxe5 13. Qxh5 Nxh5 14. Be3 Bd7 15. Bc5 Bc6 16. Bxe7 Rfe8 17. Ba3 Nf4 18. f3 b5 19. Bc5 a5 20. a3 Ne6 21. Be3 Nd4 22. Bxd4 exd4 23. Ne4 a4 24. Ba2 Rad8 25. Rad1 Bd5 26. Bxd5 Rxd5 27. Rd3 f5 28. Ng3 Rc5 29. b4 (29. Rd2 {keeps fighting.}) 29... Rxc2 30. Rfd1 Kf7 31. Kf1 Be5 32. Ne2 Ra2 ({Not} 32... Bxh2 33. Nxd4 Rb2 34. g4 $17) (32... Bf6 $19 {and Black stays clearly on top.} 33. Re1 Ra2 34. Nxd4 Rxe1+ 35. Kxe1 Bxd4 36. Rxd4 Ke6) 33. f4 Bf6 34. R1d2 $19 (34. Nxd4 $17 Bxd4 35. Rxd4) 34... Rxd2 35. Rxd2 Rd8 36. Rd3 Ke6 37. Ng1 Rc8 38. Ne2 Kd5 39. Ke1 Rc2 40. Kd1 Rb2 41. g3 Kc4 42. Rf3 Ra2 43. h4 d3 44. Nc1 Rxa3 1-0

[Event "Copenhagen Chess Challenge 2019"]
[Site "Ballerup"]
[Date "2019.05.18"]
[Round "6.11"]
[White "Souhardo Basak"]
[Black "Heimisson, Hilmir Freyr"]
[Result "1/2-1/2"]
[WhiteElo "2082"]
[BlackElo "2311"]
[Annotator "RC"]
[PlyCount "76"]
[EventDate "2019.05.16"]
[EventCountry "DEN"]
[SourceTitle "playchess.com"]
[Source "ChessBase"]
[SourceQuality "1"]

1. e4 e5 2. Nf3 Nc6 3. Bb5 a6 4. Ba4 Nf6 5. O-O Be7 6. Re1 b5 7. Bb3 O-O 8. c3 d5 9. exd5 Nxd5 10. Nxe5 Nxe5 11. Rxe5 c6 12. d4 Bd6 13. Re1 Qh4 14. g3 Qh3 15. Re4 g5 16. Qf3 Bf5 17. Re3 Rae8 18. Bxd5 cxd5 19. Qxd5 Re6 20. Nd2 Rh6 21. Nf1 Be6 22. Qg2 Qh5 23. Bd2 g4 24. Re5 Bxe5 25. Bxh6 Rd8 26. dxe5 Qxh6 27. Ne3 Rd2 28. Qe4 Qg6 29. Qxg6+ hxg6 30. b3 Kf8 31. Kf1 Ke7 32. Ke1 Rb2 33. c4 f6 34. exf6+ Kxf6 35. Nd1 Rc2 36. Ne3 Rb2 37. Nd1 Rc2 38. Ne3 Ke5 1/2-1/2

[Event "Copenhagen Chess Challenge 2019"]
[Site "Ballerup"]
[Date "2019.05.18"]
[Round "6.11"]
[White "Lye, Sigurd"]
[Black "Slettebo, Jan"]
[Result "0-1"]
[WhiteElo "1574"]
[BlackElo "1920"]
[Annotator "NA RC"]
[PlyCount "114"]
[EventDate "2019.05.16"]
[EventCountry "DEN"]
[SourceTitle "playchess.com"]
[Source "ChessBase"]
[SourceQuality "1"]

1. e4 e5 2. Nf3 Nc6 3. Bc4 Nf6 4. Ng5 d5 5. exd5 b5 6. dxc6 bxc4 7. Qe2 {C57: Two Knights: Wilkes-Barre/Traxler and 4 Ng5 d5 5 exd5, unusual Black 5th moves} Bd6 8. Qxc4 O-O 9. Ne4 Be6 10. Nxf6+ Qxf6 11. Qe2 $146 ({Predecessor:} 11. Qe4 Bf5 12. Qc4 Qg6 13. Rg1 Bxc2 14. Nc3 Rab8 {0-1 (28) Dubow,A-Torres,J (2335) Long Beach 1994}) 11... Qg6 12. O-O Qxc2 13. Nc3 Bf5 14. Re1 Rab8 15. Ne4 Qxc6 16. Nxd6 cxd6 17. b3 Rfc8 18. Ba3 h6 19. Rac1 $11 Qd5 20. h3 Rb6 21. Rxc8+ Bxc8 22. Qe4 Bb7 23. Qxd5 Bxd5 24. d3 f6 25. Re2 Kf7 26. Rc2 Ra6 27. Bb4 Ke6 28. f3 Bc6 29. Kf2 Kd5 30. Ke3 f5 31. a3 Rb6 32. Rc3 Rb5 33. Rc2 a5 34. Bd2 Rxb3 35. Rc3 Rb2 36. Rc4 Bb5 37. Rc7 f4+ 38. Ke2 Kd4 39. Kd1 Kxd3 40. Rc3+ Kd4 41. Kc1 Ra2 42. Rb3 Bc4 43. Rc3 Bd3 44. Rb3 Ra1+ 45. Kb2 Rb1+ 46. Ka2 Rd1 47. Rxd3+ Kxd3 48. Bxa5 Kc4 49. Bb4 d5 50. Kb2 e4 51. fxe4 dxe4 52. Kc2 Rg1 53. Kd2 Rxg2+ 54. Ke1 Kd3 55. Kf1 f3 56. h4 e3 57. Ke1 Rg1# 0-1

[Event "Copenhagen Chess Challenge 2019"]
[Site "Ballerup"]
[Date "2019.05.18"]
[Round "6.12"]
[White "Liu, Casper"]
[Black "Rishovd, Svein"]
[Result "1/2-1/2"]
[WhiteElo "2228"]
[BlackElo "2105"]
[Annotator "TA"]
[PlyCount "75"]
[EventDate "2019.05.16"]
[EventCountry "DEN"]
[SourceTitle "playchess.com"]
[Source "ChessBase"]
[SourceQuality "1"]

{[%evp 9,75,-13,-14,-6,0,0,0,-4,3,-37,-6,-18,6,-27,2,0,6,4,6,0,89,-33,-11,-25,0,0,0,-48,-53,-56,-60,-55,-47,-50,-54,-52,-57,-54,-50,-53,-55,-50,-8,-8,-8,-97,-22,-68,-44,-61,-51,-52,-11,-5,154,146,158,158,137,131,102,0,0,0,0,0,0,0]} 1. d4 d5 2. Bf4 c5 3. e3 cxd4 4. exd4 Nc6 5. Nc3 Bf5 (5... a6 6. Nf3 Bg4 7. h3 Bh5 8. g4 Bg6 9. Ne5 e6 10. h4 Nxe5 11. dxe5 h5 12. Bd3 Ne7 13. Bxg6 Nxg6 {0-1 (69) Seliverstov,V (2462)-Najer,E (2663) Moscow 2018}) 6. Bd3 {B13: Caro-Kann: Exchange Variation and Panov-Botvinnik Attack} Bg6 7. Nf3 e6 8. O-O Bd6 9. Ne5 $146 ({Predecessor:} 9. Ne2 Nf6 10. Re1 O-O 11. Ne5 Bxe5 12. Bxe5 Nxe5 13. dxe5 {0-1 (61) Nitsch,J-Becker,M (2150) Kassel 1998}) 9... Nge7 10. Re1 O-O 11. Ne2 Bh5 12. c3 f6 13. Nxc6 bxc6 14. Qd2 e5 (14... Bf7 $11) 15. dxe5 (15. Ng3 $16) 15... fxe5 $15 16. Bg3 Qc7 17. c4 Rad8 $1 18. c5 Bxc5 {[#]} 19. Bxh7+ $1 {[%mdl 576] Decoy} Kxh7 20. Qc2+ Nf5 $1 21. Qxc5 Bxe2 22. Rxe2 Nxg3 23. hxg3 e4 24. Rc1 Rf6 25. b4 Qb6 (25... Rh6 {feels hotter.} 26. Qd4 Rdd6 27. Re3 Qf7 28. f4 a6) 26. Qxb6 axb6 $11 {[%mdl 4096] Endgame KRR-KRR} 27. Rec2 (27. f3 $11 {remains equal.}) 27... Rc8 (27... d4 $1 $17 28. a4 Ra8) 28. Kf1 Kg6 29. a4 Kf5 30. a5 {[#]} c5 $1 {[%mdl 512]} 31. bxc5 bxc5 $2 (31... bxa5 $11 32. Ra2 Ra8) 32. Rxc5 $16 Rxc5 33. Rxc5 $11 {KR-KR} Ke5 {[#]} 34. Ke2 $1 Kd4 {[#]} 35. Rb5 (35. Rc1 $1 $16) 35... Ra6 {The position is equal.} 36. f3 Kc4 37. Rb2 exf3+ 38. gxf3 {Accuracy: White = 48%, Black = 36%.} 1/2-1/2

[Event "Copenhagen Chess Challenge 2019"]
[Site "Ballerup"]
[Date "2019.05.18"]
[Round "6.12"]
[White "Koch-Muller, Oscar"]
[Black "Wahlgreen, Noah"]
[Result "1/2-1/2"]
[WhiteElo "1919"]
[BlackElo "1721"]
[Annotator "NA RC"]
[PlyCount "76"]
[EventDate "2019.05.16"]
[EventCountry "DEN"]
[SourceTitle "playchess.com"]
[Source "ChessBase"]
[SourceQuality "1"]

1. c4 Nf6 2. Nc3 g6 3. d4 Bg7 4. g3 d5 (4... O-O 5. Bg2 Nc6 6. Nf3 d5 7. cxd5 Nxd5 8. O-O e5 9. Nxe5 Nxc3 10. Nxc6 Nxd1 11. Nxd8 Rxd8 12. Rxd1 Rxd4 13. Be3 Rxd1+ 14. Rxd1 Bf6 15. Bd4 Bxd4 16. Rxd4 {½-½ (41) Mamedyarov,S (2814)-Carlsen,M (2843) Shamkir 2018}) 5. cxd5 Nxd5 6. e4 {E61: King's Indian: Early deviations for White, including Smyslov System} Nxc3 7. bxc3 c5 8. Ne2 Bg4 9. Bb2 $146 ({Predecessor:} 9. Qd3 Bxe2 10. Bxe2 cxd4 11. O-O O-O 12. Rd1 Nc6 13. Qb5 Qc7 14. Rb1 b6 {½-½ (28) Galanakis,N (1670)-Vitsaxakis,N (1604) Heraklion 2014}) 9... cxd4 10. cxd4 Bf3 11. Qa4+ Qd7 12. Qxd7+ Nxd7 13. Rg1 Bxe4 14. Nc3 Bf3 15. Nb5 (15. Be2 $17 Bxe2 16. Nxe2) 15... O-O 16. Be2 Bxe2 (16... Bc6 $19 17. Rc1 Nb6) 17. Kxe2 a6 18. Na3 (18. Nc7 $17 {might work better.} Rab8 19. Rab1) 18... Nb6 19. Rac1 Rac8 20. Kd3 Rxc1 21. Rxc1 Rc8 ({Better is} 21... Nd5 22. Nc2 Rd8) 22. Rxc8+ Nxc8 23. Nc4 b5 24. Na5 Nb6 25. Nc6 Nd5 26. Bc1 Kf8 27. Bd2 Ke8 28. Nb8 Nc7 29. Ba5 Ne6 30. Nxa6 Bxd4 31. Nc7+ Nxc7 32. Kxd4 Na6 33. f4 Kd7 34. Kd5 e6+ 35. Ke5 $1 Ke7 36. g4 (36. Bc3 $1 $15) 36... f6+ 37. Kd4 Kd6 38. a3 f5 $15 (38... e5+ $19 39. Ke3 Nc5) 1/2-1/2